000
00332 a2200157 4500
001
60140
020
_a
8576750317
040
_c
Anchieta - Pituba
100
_a
Devalpo, Alain
240
1
0
_a
A pesca milagrosa
_l
por
245
1
0
_a
A pesca milagrosa
300
_a
83
362
0
_a
2006
650
4
_a
Literatura juvenil
942
_c
BK
999
_c
60140
_d
60140